Müdafaa-i hukuk ve istiklal harbi tarihinde Giresun/ (Record no. 42604)
| 000 -BAŞLIK | |
|---|---|
| Sabit Uzunluktaki Kontrol Alanı | 01699nam a22004457a 4500 |
| 001 - KONTROL NUMARASI | |
| Control Dosyası | 0042778 |
| 003 - KONTROL NUMARASI KİMLİĞİ | |
| Kontrol Alanı | KOHA_MİRAKIL |
| 005 - EN SON İŞLEM TARİHİ ve ZAMANI | |
| Kontrol Alanı | 20260207003324.0 |
| 007 - FİZİKSEL TANIM SABİT ALAN - GENEL BİLGİ | |
| Sabit uzunluklu kontrol alanı | ta |
| 008 - SABİT UZUNLUKTAKİ VERİ ÖGELERİ - GENEL BİLGİ | |
| Sabit Alan | 130730b2011 tu a|||gr||||#||||0|tur | |
| 020 ## - ISBN - ULUSLARARASI STANDART KİTAP NUMARASI | |
| Isbn | 9789944374385 |
| 040 ## - KATALOGLAMA KAYNAĞI | |
| Özgün Kataloglama Kurumu | TR-BiSEU |
| Kataloglama Dili | tur |
| Çeviri Kurumu | TR-BiSEU |
| Açıklama Kuralları | rda |
| 041 0# - DİL KODU | |
| Metin ya da ses kaydının dil kodu | tur |
| 044 ## - YAYINLAYAN/ÜRETEN KURULUŞUN ÜLKE KODU | |
| ISO country code | tu |
| 050 ## - SINIFLAMA ve YER NUMARASI | |
| Sınıflama Numarası | DS51.G57 |
| Yer Numarası | T67 2011 |
| 100 1# - KİŞİ ADI | |
| Yazar Adı (Kişi adı) | Topallı, Osman Fikret. |
| 245 1# - ESER ADI BİLDİRİMİ | |
| Başlık | Müdafaa-i hukuk ve istiklal harbi tarihinde Giresun/ |
| Sorumluluk Bildirimi | Osman Fikret Topallı ; Osman Fikret Topallı ; hazırlayan Veysel Usta. |
| 264 #1 - ÜRERİM, YAYIN, DAĞITIM ve TELİF BİLDİRİMİ | |
| Yayın yeri | Trabzon : |
| Yayınlayan | Serander |
| Yayın tarihi | 2011 |
| 300 ## - FİZİKSEL TANIMLAMA | |
| Sayfa, Cilt vb. | 408 sayfa : |
| Diğer fiziki detaylar | resimli ; |
| Boyutları | 22 cm. |
| 336 ## - İÇERİK TÜRÜ | |
| Content type term | metin |
| Content type code | txt |
| Source | rdacontent |
| 337 ## - MEDYA TÜRÜ | |
| Media type term | aracısız |
| Media type code | n |
| Source | rdamedia |
| 338 ## - TAŞIYICI TÜRÜ | |
| Carrier type term | cilt |
| Carrier type code | nc |
| Source | rdacarrier |
| 490 0# - DİZİ BİLDİRİMİ | |
| Dizi Bildirimi | Serander Yayınları |
| 650 #0 - KONU BAŞLIĞI EK GİRİŞ - KONU TERİMİ | |
| Konusal terim veya coğrafi ad | Giresun (Turkey)--History. |
| 9 (RLIN) | 76097 |
| 650 #0 - KONU BAŞLIĞI EK GİRİŞ - KONU TERİMİ | |
| Konusal terim veya coğrafi ad | Giresun (Türkiye)--Tarih. |
| 9 (RLIN) | 59322 |
| 650 #0 - KONU BAŞLIĞI EK GİRİŞ - KONU TERİMİ | |
| Konusal terim veya coğrafi ad | Giresun (Turkey)--Buildings, structure, etc. |
| 9 (RLIN) | 79563 |
| 650 #0 - KONU BAŞLIĞI EK GİRİŞ - KONU TERİMİ | |
| Konusal terim veya coğrafi ad | Giresun (Türkiye)--Binalar, yapılar, v.b. |
| 9 (RLIN) | 79564 |
| 650 #0 - KONU BAŞLIĞI EK GİRİŞ - KONU TERİMİ | |
| Konusal terim veya coğrafi ad | Giresun (Türkiye)--Ekonomik durum. |
| 9 (RLIN) | 79565 |
| 650 #0 - KONU BAŞLIĞI EK GİRİŞ - KONU TERİMİ | |
| Konusal terim veya coğrafi ad | Giresun (Turkey)-- Economic Condition. |
| 9 (RLIN) | 79566 |
| 650 #0 - KONU BAŞLIĞI EK GİRİŞ - KONU TERİMİ | |
| Konusal terim veya coğrafi ad | Giresun (Türkiye)--Sosyal durum. |
| 9 (RLIN) | 79567 |
| 650 #0 - KONU BAŞLIĞI EK GİRİŞ - KONU TERİMİ | |
| Konusal terim veya coğrafi ad | Giresun (Turkey)--Social Condition. |
| 9 (RLIN) | 79568 |
| 650 #0 - KONU BAŞLIĞI EK GİRİŞ - KONU TERİMİ | |
| Konusal terim veya coğrafi ad | Giresun (Turkey)--Yearbooks. |
| 9 (RLIN) | 79569 |
| 650 #0 - KONU BAŞLIĞI EK GİRİŞ - KONU TERİMİ | |
| Konusal terim veya coğrafi ad | Giresun (Türkiye)--Yıllıklar. |
| 9 (RLIN) | 79570 |
| 650 #0 - KONU BAŞLIĞI EK GİRİŞ - KONU TERİMİ | |
| Konusal terim veya coğrafi ad | Giresun (Turkey)--Description and travel. |
| 9 (RLIN) | 79571 |
| 650 #0 - KONU BAŞLIĞI EK GİRİŞ - KONU TERİMİ | |
| Konusal terim veya coğrafi ad | Giresun (Türkiye)--Tanıtım ve Seyahat. |
| 9 (RLIN) | 79572 |
| 650 #0 - KONU BAŞLIĞI EK GİRİŞ - KONU TERİMİ | |
| Konusal terim veya coğrafi ad | Giresun (Turkey)--Social life and customs. |
| 9 (RLIN) | 76096 |
| 650 #0 - KONU BAŞLIĞI EK GİRİŞ - KONU TERİMİ | |
| Konusal terim veya coğrafi ad | Giresun (Türkiye)--Sosyal Hayat ve Gelenekler. |
| 9 (RLIN) | 79573 |
| 830 0# - SERİ EK GİRİŞİ - TEKBİÇİM ESER ADI | |
| Tekbiçim Başlık | Serander Yayınları |
| 9 (RLIN) | 79574 |
| 942 ## - EK GİRİŞ ÖGELERİ (KOHA) | |
| Source of classification or shelving scheme | Library of Congress Classification |
| Koha item type | Book |
| Materyal Türü | Kalıcı Konum | Mevcut Konum | Raf Yeri | Sınıflandırma Kaynağı | Edinim Bilgisi | Ana Konular | Alt Konular | Yer Numarası | Demirbaş Numarası | Fatura Tarihi | Maliyet, Alış Fiyatı | Maliyet, Yenileme Fiyatı | Geri Çekilme Durumu | Kayıp Durumu | Hasarlı Durumu | Kredi için değil | Kayıt Tarih | Toplam Ödünçverme | Son Görülme Tarihi | Son Kontrol Tarihi | Satın Alma Notu |
|---|---|---|---|---|---|---|---|---|---|---|---|---|---|---|---|---|---|---|---|---|---|
| Book | Prof. Dr. Azmi Özcan Kütüphanesi | Prof. Dr. Azmi Özcan Kütüphanesi | Uluğbey Salonu | Library of Congress Classification | Satın | DÜNYA TARİHİ (AVRUPA, ASYA, AFRİKA VB.) | Asya | DS51.G57 T67 2011 | 0042778 | 24/09/2013 | 13.91 | 13.91 | 30/07/2013 | 05/12/2024 | 05/12/2024 | 73291-73383 (92 sayfa) |
